000 00879nam a2200181 i 4500
001 26413
003 ES-MaACL
005 20230906153434.0
007 t|
008 030109s1876 sp ||||1| spa d
100 1 _aAstigarraga y Ugarte, Luis.
_923678
245 1 0 _aDiccionario manual vascongado y castellano y elementos de la gramática para uso de la juventud de Guipuzcoa, con ejemplos en ambos idiomas
_b: aumentado con varios ejemplos y unas conversaciones familiares muy útiles para la enseñanza de la lengua castellana /
_cpor Luis Astigarraga y Ugarte.
260 _aTolosa :
_b[s.n.],
_c1876 (
_fImp. de Pedro Gurruchaga)
300 _a80 p. ;
_c15 cm.
650 0 4 _aLengua vasca-
_vDiccionarios.
_914333
650 0 4 _aLengua vasca-
_xGramática.
_914337
852 _aES-MaACL
_jT-649-F-2
_z.- Enc. en un vol. facticio
_z.- Donat. Gustavo Sánchez Diez, firma autógrafa
999 _c26413
_d26413